000 00799nam a2200253Ia 4500
003 OSt
005 20220926022256.0
006 a|||||r|||| 00| 0
007 ta
008 220923b |||||||| |||| 00| 0 eng d
020 _a9211009901
037 _cGeneral Book
040 _aRTL
_cRTL
_beng
041 _2eng
_aeng
082 _aX:54(B), N8/TD
100 _aWhalley John
_9250329
245 0 _aEmerging Trade Agenda
_b Quantitative-Based Analyses for the development perpechtives forward by R Ricupero
260 _aNew York
_bUnited Nations
_c1998
300 _a512p Bibliography chapterwise
_ccm.
650 _aForeign Trade
700 _a Thomas Harmon
_9327595
942 _hX:54(B), N8/TD
_cGB
_2CC
999 _c639063
_d639063